[Event "ROM-ch U08"]
[Site "Calimanesti Caciulata"]
[Date "2019.04.18"]
[Round "5"]
[White "Cristea, George Cristian"]
[Black "Carp, Albert"]
[Result "0-1"]
[WhiteElo "1001"]
[BlackElo "1024"]
[PlyCount "144"]
[EventDate "2019.04.15"]
[EventType "swiss"]
[EventRounds "9"]
[EventCountry "ROU"]
[SourceTitle "CBM 190 Extra"]
[Source "ChessBase"]
[SourceDate "2019.07.15"]
[SourceVersion "1"]
[SourceVersionDate "2019.07.15"]
[SourceQuality "1"]

1. e4 c5 2. c4 e6 3. Nc3 Be7 4. Be2 Nc6 5. Bf3 a6 6. a4 Qc7 7. Nge2 Ne5 8. Ng3 Nxc4 9. b3 Ne5 10. 0-0 Nf6 11. d3 0-0 12. h3 b6 13. Bf4 Bd6 14. Bg4 Nfxg4 15. hxg4 Ng6 16. Bxd6 Qxd6 17. Re1 Bb7 18. Re2 Qc6 19. d4 Rad8 20. dxc5 bxc5 21. f3 Nf4 22. Rf2 Qc7 23. Nge2 Nxe2+ 24. Qxe2 Qb6 25. Qb2 h6 26. Ne2 d5 27. Nf4 dxe4 28. Nh5 f6 29. fxe4 Bxe4 30. a5 Qc7 31. b4 Rb8 32. Qb3 Qf7 33. b5 Rxb5 34. Qe3 Bd5 35. Nf4 Re8 36. Re2 Kf8 37. Rae1 e5 38. Nxd5 Qxd5 39. Rd2 Qc6 40. Red1 Ke7 41. Rd7+ Qxd7 42. Rxd7+ Kxd7 43. Qd2+ Ke7 44. Qd3 Rxa5 45. Qh7 Kf7 46. Kf2 Rb5 47. Ke3 Rb4 48. Qd3 a5 49. Qd7+ Re7 50. Qd5+ Kg6 51. Qd3+ e4 52. Qd5 Rc7 53. Qf5+ Kf7 54. Qd5+ Ke7 55. Qg8 Kd6 56. Qf8+ Kc6 57. Qe8+ Kb6 58. Qb8+ Rb7 59. Qd6+ Kb5 60. Qd2 a4 61. Qe2+ c4 62. Kxe4 Re7+ 63. Kf3 Rxe2 64. Kxe2 c3 65. Kd1 Rxg4 66. Kc2 Rxg2+ 67. Kxc3 a3 68. Kb3 a2 69. Kc3 a1Q+ 70. Kb3 Rg3+ 71. Kc2 Qa2+ 72. Kc1 Rg1# 0-1

[Event "ROM-ch U08"]
[Site "Calimanesti Caciulata"]
[Date "2019.04.17"]
[Round "4"]
[White "Baban, Catalin Florin"]
[Black "Cristea, George Cristian"]
[Result "0-1"]
[WhiteElo "1001"]
[BlackElo "1001"]
[PlyCount "24"]
[EventDate "2019.04.15"]
[EventType "swiss"]
[EventRounds "9"]
[EventCountry "ROU"]
[SourceTitle "CBM 190 Extra"]
[Source "ChessBase"]
[SourceDate "2019.07.15"]
[SourceVersion "1"]
[SourceVersionDate "2019.07.15"]
[SourceQuality "1"]

1. e4 e5 2. Nf3 Nc6 3. Bc4 Bc5 4. 0-0 Nf6 5. d4 Nxd4 6. Nxe5 d5 7. Bxd5 Nxd5 8. exd5 Qxd5 9. Re1 0-0 10. Be3 b6 11. Bxd4 Bb7 12. Bxc5 Qxg2# 0-1